000 00497nam a22001457a 4500
005 20150202160358.0
008 150202b xxu||||| |||| 00| 0 eng d
020 _a9789710092949
050 _aBF 637.L4
_b.P136 2014
100 _aPadua-Olmedo, Yay.
245 _aNow that you're boss :
_btimely and timeless lessons for new (and seasoned!) leaders /
_cYay Padua-Olmedo.
260 _aPhilippines, Metro Manila :
_bOMF Literature Inc.,
_cc2014.
300 _a148 pages :
_c18 cm.
942 _2lcc
_cBK
999 _c282522
_d282522